Top 50 Countries by Population - Statistics

General Stats
  • This quiz has been taken 98 times
  • The average score is 25 of 50
Answer Stats
Rank Population Country % Correct
2 1,419,321,278 China
100%
1 1,450,935,791 India
100%
3 345,426,571 United States
97%
4 283,487,931 Indonesia
87%
5 251,269,164 Pakistan
85%
7 211,998,573 Brazil
82%
8 173,562,364 Bangladesh
79%
6 232,679,478 Nigeria
79%
11 130,861,007 Mexico
75%
9 144,820,423 Russia
75%
12 123,753,041 Japan
74%
10 132,059,767 Ethiopia
70%
13 116,538,258 Egypt
69%
15 109,276,265 D. R. Congo
64%
18 87,473,805 Türkiye
64%
19 84,552,242 Germany
62%
21 69,138,192 United Kingdom
62%
16 100,987,686 Vietnam
62%
23 66,548,530 France
61%
14 115,843,670 Philippines
61%
20 71,668,011 Thailand
61%
17 91,567,738 Iran
59%
25 59,342,867 Italy
59%
22 68,560,157 Tanzania
57%
24 64,007,187 South Africa
51%
28 52,886,363 Colombia
44%
32 47,910,526 Spain
44%
26 56,432,944 Kenya
43%
29 51,717,590 South Korea
39%
27 54,500,091 Myanmar
36%
35 45,696,159 Argentina
34%
39 38,539,201 Poland
33%
36 42,647,492 Afghanistan
31%
33 46,814,308 Algeria
31%
34 46,042,015 Iraq
31%
30 50,448,963 Sudan
31%
38 39,742,430 Canada
28%
31 50,015,092 Uganda
28%
40 38,081,173 Morocco
26%
42 37,860,221 Ukraine
25%
44 35,557,673 Malaysia
20%
47 34,217,848 Peru
20%
43 36,361,859 Uzbekistan
20%
37 40,583,164 Yemen
20%
41 37,885,849 Angola
18%
46 34,427,414 Ghana
15%
45 34,631,766 Mozambique
15%
48 33,962,757 Saudi Arabia
15%
50 31,934,230 Côte d'Ivoire
13%
49 31,964,956 Madagascar
13%
No matching quizzes found
Score Distribution
Percent of People with Each Score
Percentile by Number Answered
Your Score History
You have not taken this quiz